000 00514nam a2200193 a 4500
001 1776331134651
003 YourLibrary
005 20260416145132.0
008 260416s2001##################000#0#eng##
020 _a9780521774888
082 0 4 _a361.61094
_bKOR
100 1 _aKornai, János,
_eauthor.
245 1 0 _aReforming the State :
260 _bCambridge University Press,
_c2001.
300 _a310 pages
650 0 _aBusiness & Economics.
942 _cENGLISH
040 _aYourLibrary
_beng
_cYourLibrary
999 _c619474
_d619474